000 00508nam a2200181Ia 4500
008 240925s9999 xx 000 0 und d
020 _a8174090347
082 _a530.141 TEW
100 _aTewari, J.P
245 0 _aEngineering Electromagnetics: theory,problems and applications
250 _a1st
260 _aNew Delhi:
_bKhanna Publishers
_c,2011.
300 _aVarious pages
_bN.A
_fOriginal
500 _aIncludes Index
600 _aHumanities & Natural Science
650 _aPhysics
942 _cBK
999 _c11280
_d11280